Yelawolf Discograpy - Statistics

General Stats
  • This quiz has been taken 28 times
    9 since last reset
  • The average score is 14 of 27
Answer Stats
Year Name Type % Correct
2010 Trunk Muzik Mixtape
100%
2019 Ghetto Cowboy Album
86%
2015 Love Story Album
86%
2019 Trunk Muzik III Album
86%
2013 Trunk Muzik Returns Mixtape
86%
2021 Mud Mouth Album
71%
2011 Radioactive Album
71%
2022 Sometimes Y Album (Collab)
71%
2012 The Slumdon Bridge EP (Collab)
71%
2017 Trial by Fire Album
71%
2005 Creekwater Album
57%
2016 Hotel Mixtape
57%
2012 Psycho White EP (Collab)
57%
2021 Slumafia EP
57%
2010 Trunk Muzik 0-60 EP
57%
2021 Turquoise Tornado Album (Collab)
57%
2021 Yelawolf Blacksheep Album (Collab)
57%
2008 Arena Rap EP
43%
2013 Black Fall EP
43%
2021 Mile Zero Album (Collab)
43%
2012 Heart of Dixie Mixtape
29%
2008 Stereo Mixtape
29%
2007 Ball of Flames: The Ballad of Slick Rick E. Bobby Mixtape
14%
2005 Pissin' in a Barrel of Beez Mixtape
14%
2014 Shady XV Compilation (Collab)
0%
2017 Up Boss EP
0%
2019 Up Boss Slum Trap EP
0%
No matching quizzes found
Score Distribution
Percent of People with Each Score
Percentile by Number Answered
Your Score History
You have not taken this quiz since the last reset